Tratado de patologia esterna [sic] y de medicina operatoria (Record no. 167432)
[ view plain ]
| 000 -LEADER | |
|---|---|
| campo de control de longitud fija | 01159nam a22002295i 4500 |
| 001 - NÚMERO DE CONTROL | |
| campo de control | 167432 |
| 003 - IDENTIFICADOR DE NÚMERO DE CONTROL | |
| campo de control | ES-MaACL |
| 005 - FECHA Y HORA DE LA ÚLTIMA TRANSACCIÓN | |
| campo de control | 20250930063149.0 |
| 008 - DATOS DE LONGITUD FIJA--INFORMACIÓN GENERAL | |
| campo de control de longitud fija | 960320m18581861sp a |||| | spa d |
| 040 ## - FUENTE DE CATALOGACIÓN | |
| Centro catalogador/agencia de origen | CLM |
| Lengua de catalogación | spa |
| Centro/agencia transcriptor | CCPB | SIC |
| 100 1# - ENTRADA PRINCIPAL--NOMBRE DE PERSONA | |
| Nombre de persona | Vidal, Auguste-Théodore, |
| Fechas asociadas al nombre | 1803-1856 |
| 9 (RLIN) | 155053 |
| 245 10 - MENCIÓN DEL TÍTULO | |
| Título | Tratado de patologia esterna [sic] y de medicina operatoria |
| Resto del título | : con resúmenes de anatomia de los tejidos y de las regiones / |
| Mención de responsabilidad, etc. | Por Aug. Vidal (de Casis) ; traducido de la última edición revisada, corregida y aumentada por el mismo autor con 600 grabados intercalados en el testo [sic] bajo la dirección de Ignacio Oliva. |
| 260 ## - PUBLICACIÓN, DISTRIBUCIÓN, ETC. | |
| Lugar de publicación, distribución, etc. | Madrid : |
| Nombre del editor, distribuidor, etc. | Imprenta de Gaspar y Roig, editores, |
| Fecha de publicación, distribución, etc. | 1858-1861. |
| 300 ## - DESCRIPCIÓN FÍSICA | |
| Extensión | 6 v. : |
| Otras características físicas | il. ; |
| Dimensiones | 22 cm. |
| 597 ## - NOTA DE DESCRIPCIÓN FÍSICA | |
| NOTA DE DESCRIPCIÓN FÍSICA | Vol. I (554 p.) -- Vol. II (559 p.) -- Vol. III ( 567 p.) -- Vol. IV ( 658 p.) --Vol. V (653 p.) -- Vol. VI. (648 p.) |
| 650 #4 - PUNTO DE ACCESO ADICIONAL DE MATERIA--TÉRMINO DE MATERIA | |
| Término de materia o nombre geográfico como elemento de entrada | Patología. |
| 9 (RLIN) | 15884 |
| 650 #7 - PUNTO DE ACCESO ADICIONAL DE MATERIA--TÉRMINO DE MATERIA | |
| Término de materia o nombre geográfico como elemento de entrada | Cirugía |
| Fuente del encabezamiento o término | embne |
| 9 (RLIN) | 11050 |
| 650 #7 - PUNTO DE ACCESO ADICIONAL DE MATERIA--TÉRMINO DE MATERIA | |
| Término de materia o nombre geográfico como elemento de entrada | Anatomía humana |
| Fuente del encabezamiento o término | embne |
| 9 (RLIN) | 9801 |
| 700 1# - ENTRADA AGREGADA--NOMBRE PERSONAL | |
| Nombre de persona | Oliva, Ignacio. |
| 9 (RLIN) | 130616 |
| 852 ## - LOCALIZACIÓN | |
| Ubicación | ES-MaACL |
| Número de control de estantería | G-14781-83 |
| Nota libre | -- Enc. pasta española |
| -- | -- Enc. 6 t. en 3 v. |
| Estatus retirado | Estado de pérdida | Estado de daño | No para préstamo | Colección | Biblioteca de origen | Biblioteca actual | Ubicación en estantería | Fecha de adquisición | Total de préstamos | Signatura topográfica completa | Código de barras | Visto por última vez | Precio de reemplazo | Tipo de ítem Koha |
|---|---|---|---|---|---|---|---|---|---|---|---|---|---|---|
| Libros del s. XIX | Biblioteca del Ateneo de Madrid | Biblioteca del Ateneo de Madrid | Sala Pecera Planta 3 | 17/01/2008 | G-14781-83 | 1175644 | 23/02/2023 | 23/02/2023 | Libro impreso antiguo |
